| 000 | 00471nam a22001697a 4500 | ||
|---|---|---|---|
| 005 | 20221117101008.0 | ||
| 008 | 221117b ||||| |||| 00| 0 eng d | ||
| 020 | _a0195638468 | ||
| 040 | _cAACR2 | ||
| 082 | _a491.43321 MCG | ||
| 100 |
_aMcGregor, R.S _914252 |
||
| 245 | _aOxford hindi-english dictionary | ||
| 260 |
_aNew Delhi _bOxford University Press _c2014 |
||
| 300 | _a1083p. | ||
| 650 |
_aMultidisciplinary Language Dictionary _914253 |
||
| 942 |
_2ddc _cGF |
||
| 999 |
_c194163 _d194163 |
||